Online
Catalog

La pipa de cerezo y otros cuentos / (Record no. 35899)

MARC details
000 -CABECERA
campo de control de longitud fija 00688nam a2200193 a 4500
001 - NÚMERO DE CONTROL
campo de control 000036408
005 - FECHA Y HORA DE LA ÚLTIMA TRANSACCIÓN
campo de control 20200930075721.0
008 - DATOS DE LONGITUD FIJA--INFORMACIÓN GENERAL
campo de control de longitud fija 120117s1987 cu 000 0 spa d
040 ## - FUENTE DE LA CATALOGACIÓN
Centro catalogador/agencia de origen DO-SdBNP
Lengua de catalogación spa
Centro/agencia transcriptor BNPHU
082 ## - NÚMERO DE LA CLASIFICACIÓN DECIMAL DEWEY
Número de clasificación xxxx
Número de documento/Ítem xxxx
100 1# - ENTRADA PRINCIPAL--NOMBRE DE PERSONA
Nombre de persona Pita Rodríguez, Félix
9 (RLIN) 40054
245 13 - MENCIÓN DE TÍTULO
Título La pipa de cerezo y otros cuentos /
Mención de responsabilidad, etc. Félix Pita Rodríguez ; selección, prólogo y notas Aimée González Bolaños y Marisel García Yanes.
260 ## - PUBLICACIÓN, DISTRIBUCIÓN, ETC.
Lugar de publicación, distribución, etc. La Habana, :
Nombre del editor, distribuidor, etc. Letras cubanas,
Fecha de publicación, distribución, etc. 1987.
300 ## - DESCRIPCIÓN FÍSICA
Extensión 251 p. ;
Dimensiones 18 cm.
490 1# - MENCIÓN DE SERIE
Mención de serie Giraldilla
700 1# - PUNTO DE ACCESO ADICIONAL--NOMBRE DE PERSONA
Nombre de persona González Bolaños, Aimée,
Término indicativo de función/relación pról.
9 (RLIN) 62618
700 1# - PUNTO DE ACCESO ADICIONAL--NOMBRE DE PERSONA
Nombre de persona García Yanes, Marisel,
Término indicativo de función/relación pról.
9 (RLIN) 62619
830 #0 - PUNTO DE ACCESO ADICIONAL DE SERIE-TÍTULO UNIFORME
Título uniforme Giraldilla
9 (RLIN) 8904
Holdings
Estado de retiro Estado de pérdida Restricciones de uso No para préstamo Código de colección Localización permanente Ubicación/localización actual Ubicación en estantería Fecha de adquisición Número de inventario Total de préstamos Signatura topográfica completa Código de barras Fecha visto por última vez Precio válido a partir de Tipo de ítem Koha
      Excluido de préstamo Monografías: Libros y Folletos General General Depósito 17.01.2012 LF1   xxxx xxxx 36409-10 25.06.2020 25.06.2020 No se presta

Powered by Koha